000 00882nam a2200241Ia 4500
999 _c34713
_d34713
001 500
003 GE_BSU
005 20200122113811.0
008 181216s2004||||ge |||||||||||||| ||geo||
020 _a9994078887
040 _cGE_BSU
041 _ageo
080 _a616.314-084(075.8) შ-73
100 _aშიშნიაშვილი, თამარ
_96310
245 _aსტომატოლოგიურ დაავადებათა პროფილაქტიკა :
_bსახელმძღვ. სტომატ. ფაკ. სტუდ-თვის /
250 _aმე-2 გამოც..
264 _aთბილისი :
_bცოდნა,
_c2004.
300 _a195 გვ. :
_b სურ. ;
_c19 სმ.
541 _h20ლ.
653 _aმედიცინა
653 _aსტომატოლოგია
942 _cBK
_2udc